Normal view
MARC view
Entry Topical Term
001 - CONTROL NUMBER
- control field: 5724
003 - CONTROL NUMBER IDENTIFIER
- control field: OSt
005 - DATE AND TIME OF LATEST TRANSACTION
- control field: 20120106112306.0
008 - FIXED-LENGTH DATA ELEMENTS
- fixed length control field: 120106|||a|||||| | ||| d
040 ## - CATALOGING SOURCE
- Original cataloging agency: OSt
- Transcribing agency: OSt
150 ## - HEADING--TOPICAL TERM
- Topical term or geographic name as entry element: Criminal law
- Geographic subdivision: Great Britain
- Form subdivision: Cases.
670 ## - SOURCE DATA FOUND
- Source citation: Work cat.: (OSt)0: Great Britain. Court of Appeal. 5722, The criminal appeal reports 1980 Vol. 70/ Sentencing., 1980-
